000 00557nam a2200229Ia 4500
003 OSt
005 20220918174631.0
006 a|||||r|||| 00| 0
007 ta
008 220917b |||||||| |||| 00| 0 eng d
024 _a13,223
037 _cTextual
040 _aARTS
_cARTS
_beng
041 _2eng
_aeng
082 _aN2v2:D9, L2
100 _aChanda Ramaprasad
245 0 _aMedieval Indian sculpture
260 _c1972
650 _aARTS
942 _hN2v2:D9, L2
_cTEXL
_2CC
999 _c153990
_d153990